GENERAL PHARMACY (Record no. 6279)

MARC details
000 -LEADER
fixed length control field 00441nam a22001817a 4500
005 - DATE AND TIME OF LATEST TRANSACTION
control field 20210906145516.0
008 - FIXED-LENGTH DATA ELEMENTS--GENERAL INFORMATION
fixed length control field 200518b xxu||||| |||| 00| 0 eng d
020 ## - INTERNATIONAL STANDARD BOOK NUMBER
ISBN 9789384875077
041 ## - LANGUAGE CODE
Language code of text/sound track or separate title eng
082 ## - DEWEY DECIMAL CLASSIFICATION NUMBER
Classification number 615.1 KER
100 ## - MAIN ENTRY--AUTHOR NAME
Personal name Sourabh Brajesh Yadav, Vimal
245 ## - TITLE STATEMENT
Title GENERAL PHARMACY
250 ## - EDITION STATEMENT
Edition statement 1'ST
260 ## - PUBLICATION, DISTRIBUTION, ETC. (IMPRINT)
Place of publication Modinagar UP
Name of publisher Unnati Publication
Year of publication 2019
300 ## - PHYSICAL DESCRIPTION
Number of Pages 208
650 ## - SUBJECT ADDED ENTRY--TOPICAL TERM
Topical Term Pharmacy
942 ## - ADDED ENTRY ELEMENTS (KOHA)
Koha item type Books
Holdings
Lost status Damaged status Collection code Home library Current library Shelving location Date acquired Source of acquisition Cost, normal purchase price Full call number Accession Number Koha item type
    Reference JRU Library   SHELF-4-C 18/05/2020 PURCHASE 237.00 615.1 KER 23985 Books
    PHARMACY JRU Library JRU Library Shelf - 23- B 18/05/2020 PURCHASE 237.00 615.1 KER 23986 Books
    PHARMACY JRU Library JRU Library Shelf - 23- B 18/05/2020 PURCHASE 237.00 615.1 KER 23987 Books
    PHARMACY JRU Library JRU Library Shelf - 23- B 18/05/2020 PURCHASE 237.00 615.1 KER 23988 Books
    PHARMACY JRU Library JRU Library Shelf - 23- B 18/05/2020 PURCHASE 237.00 615.1 KER 23989 Books